Les français en Formule 1 - Statistiques

Statistiques générales
  • Ce quiz a été pris 626 fois
    36 depuis la dernière actualisation
  • Le résultat moyen est 12 sur 72
Statistiques - réponses
Nb de Grands Prix Pilote Constructeurs Années de compétition % Correct
199 Alain Prost McLaren, Renault, Ferrari, Williams 1980-1991, 1993
97%
178 Pierre Gasly Toro Rosso, Red Bull, AlphaTauri, Alpine 2017-
97%
181 Esteban Ocon Manor, Force India, Renault, Alpine, Haas 2016-2018, 2020-
94%
179 Romain Grosjean Renault, Lotus, Haas 2009, 2012-2020
74%
24 Isack Hadjar Racing Bulls, Red Bull 2025-
68%
201 Jean Alesi Tyrrell, Ferrari, Benetton, Sauber, Prost, Jordan 1989-2001
56%
34 Jules Bianchi Marussia 2013-2014
53%
176 Jacques Laffite Iso-Marlboro, Williams, Ligier 1974-1986
47%
58 Jean-Eric Vergne Toro Rosso 2012-2014
41%
149 René Arnoux Martini; Surtees, Renault, Ferrari, Ligier 1978-1989
35%
70 Didier Pironi Tyrrell, Ligier, Ferrari 1978-1982
32%
158 Olivier Panis Ligier, Prost, BAR, Toyota 1994-1999, 2001-2004
32%
7 Franck Montagny Super Aguri 2006
29%
27 Sébastien Bourdais Toro Rosso 2008-2009
29%
114 Patrick Tambay Ensign, McLaren, Theodore, Ligier, Ferrari, Renault, Lola 1977-1979, 1981-1986
26%
46 François Cevert March, Tyrrell 1970-1973
24%
49 Jean-Pierre Jabouille Tyrrell, Renault, Ligier 1975, 1977-1981
24%
81 Maurice Trintignant Gordini, Ferrari, Vanwall, Bugatti, Cooper, Maserati, BRM, Aston Martin, Lotus, Lola 1950-1964
24%
39 Charles Pic Marussia, Caterham 2012-2013
21%
95 Patrick Depailler Tyrrell, Ligier, Alfa Romeo 1972, 1974-1980
21%
12 Guy Ligier Cooper, Brabham 1966-1967
18%
85 Jean-Pierre Beltoise Matra, BRM 1967-1974
18%
134 Jean-Pierre Jarier March, Shadow, Penske, Ligier, ATS, Lotus, Tyrrell, Osella 1971, 1973-1981
18%
7 Paul Belmondo March, Pacific 1992, 1994
18%
1 Gérard Larrousse Brabham 1974
15%
53 Philippe Streiff Renault, Ligier, Tyrrell, AGS 1984-1988
15%
45 Eric Bernard Larrousse, Ligier, Lotus 1989-1991, 1994
12%
11 André Simon Gordini, Ferrari, Maserati 1951-1952, 1955-1957
9%
59 Erik Comas Ligier, Larrousse 1991-1994
9%
19 François Hesnault Ligier, Brabham, Renault 1984-1985
9%
56 Henri Pescarolo Matra, March, Politoys, Iso-Marlboro, BRM, Surtees 1968, 1970-1974, 1976
9%
53 Jean Behra Gordini, Maserati, BRM, Ferrari 1951-1959
9%
1 Jean-Louis Schlesser Williams 1988
9%
11 Johnny Servoz-Gavin Matra, Cooper, March 1967-1970
9%
1 Jo Schlesser Honda 1968
9%
38 Louis Rosier Talbot Lago, Ferrari, Maserati 1950-1956
9%
1 Max Jean March 1971
9%
1 Aldo Gordini Gordini 1951
6%
2 Eugène Martin Talbot Lago 1950
6%
2 Franck Lagorce Ligier 1994
6%
11 Jean-Christophe Boullion Sauber 1995
6%
9 Jean-Marc Gounon Minardi, Simtek 1993-1994
6%
2 Patrick Gaillard Ensign 1979
6%
109 Philippe Alliot RAM, Ligier, Larrousse, McLaren 1984-1990, 1993-1994
6%
5 Raymond Sommer Ferrari, Talbot Lago 1950
6%
28 Robert Manzon Gordini, Ferrari 1950-1956
6%
4 Bernard Collomb Cooper, Lotus 1961-1963
3%
47 Bertrand Gachot Onyx, Jordan, Venturi, Pacific 1989, 1991-1992, 1994-1995
3%
1 Charles Pozzi Talbot Lago 1950
3%
7 Elie Bayol OSCA, Gordini 1952-1956
3%
3 Eugène Chaboud Talbot Lago 1950-1951
3%
13 François Migault Connew, BRM, Hill 1972, 1974-1975
3%
1 Georges Grignard Gordini 1951
3%
3 Guy Mairesse Talbot Lago 1950-1951
3%
2 Henri Louveau Talbot Lago 1950-1951
3%
5 Jacques Pollet Gordini 1954-1955
3%
1 Jean Lucas Gordini 1955
3%
1 José Dolhem Surtees 1974
3%
1 Marcel Balsa BMW 1952
3%
7 Michel Leclère Tyrrell, Williams 1975-1976
3%
1 Mike Sparken Gordini 1955
3%
41 Olivier Grouillard Ligier, Osella, Fondmetal, Tyrrell 1989-1992
3%
11 Pascal Fabre AGS 1987
3%
12 Philippe Etancelin Talbot Lago, Maserati 1950-1952
3%
1 Pierre-Henri Raphanel Coloni 1989
3%
6 Pierre Levegh Talbot Lago 1950-1951
3%
1 Roger Loyer Gordini 1954
3%
1 Stéphane Sarrazin Minardi 1999
3%
23 Yannick Dalmas Larrousse, AGS 1987-1988, 1990, 1994
3%
13 Yves Giraud-Cabantous Talbot Lago, HWM 1950-1953
3%
2 François Mazet March 1971
0%
7 Hermano da Silva Ramos Gordini 1955-1956
0%
Aucun quiz correspondant
Distribution des résultats
% des personnes avec chaque résultat
Percentile par nombre de réponses
Votre historique - résultats
Vous n’avez pas pris ce quiz depuis la dernière actualisation